The metaphysics of quantum theory /

Bibliographic Details
Main Author: Krips, Henry
Format: Book
Language:English
Published: Oxford [Oxfordshire] : Oxford [Oxfordshire] ; New York : Clarendon Press ; Oxford University Press, 1987.
Subjects:

MARC

Tag First Indicator Second Indicator Subfields
LEADER 00000cam a22000008a 4500
001 in00000015424
005 20151007053047.0
008 870514s1987 enk b 00110 eng
010 |a  87012965  
020 |a 0198249713 :  |c $41.00 (U.S. : est.) 
035 |a (OCoLC)17202216 
035 |9 AAB0253AM 
040 |a DLC  |c DLC  |d TXA  |d UtOrBLW 
049 |a TXAM  |c [A11069488] 
050 0 0 |a QC174.13  |b .K75 1987 
082 0 |a 530.1/2  |2 19 
100 1 |a Krips, Henry. 
245 1 4 |a The metaphysics of quantum theory /  |c Henry Krips. 
263 |a 8709 
264 1 |a Oxford [Oxfordshire] :  |b Clarendon Press ;  |a Oxford [Oxfordshire] ;  |a New York :  |b Oxford University Press,  |c 1987. 
300 |a 257 pages 
336 |a text  |b txt  |2 rdacontent 
337 |a unmediated  |b n  |2 rdamedia 
338 |a volume  |b nc  |2 rdacarrier 
504 |a Bibliography: pages [251]-254. 
500 |a Includes index. 
650 0 |a Quantum theory. 
650 0 |a Metaphysics. 
999 |a MARS 
999 f f |s b6d33dc6-dfbe-328e-a101-187afe3de245  |i 58955a36-3700-3155-a79e-efc56ec1d631  |t 0 
952 f f |p ric  |a Texas A&M University  |b Rellis Campus  |c Joint Library Facility  |d Remote Storage  |t 0  |e QC174.13 .K75 1987  |h Library of Congress classification  |i unmediated -- volume  |m A14811069488 
998 f f |a QC174.13 .K75 1987  |t 0  |l Remote Storage